000 00399nam a2200157Ia 4500
005 20250423094705.0
008 250422s9999 xx 000 0 und d
020 _a9780558521950
050 _aHG 4523 .E84/
245 0 _aCapital market expectations, market valuation, and asset allocation: level III
260 _aNew York
260 _bCFA
260 _c2011
300 _a364 p
942 _cBK
999 _c27999
_d27999